[Event "AUTO-ADV-2002"]
[Site "http://www.queenalice.com/game.php?id=914087"]
[Date "2011.3.18"]
[Round "2"]
[White "PedoneA0"]
[Black "arrabi"]
[Result "0-1"]
[WhiteElo "1957"]
[BlackElo "1945"]

1. Nf3 c5 2. d4 cxd4 3. Nxd4 Nc6 4. Nxc6 bxc6 5. e4 Nf6 6. Bc4 g6 7. Nc3 Bg7 8.
Bg5 O-O 9. O-O d6 10. Qd2 Ng4 11. f3 Qb6+ 12. Kh1 Qxb2 13. fxg4 Qxc3 14. Bxf7+
Rxf7 15. Qxc3 Bxc3 16. Rxf7 Kxf7 17. Rf1+ Bf6 18. Bd2 Bxg4 19. h3 Be2 20. Rf2
Bc4 21. g4 Ke6 22. g5 Bd4 23. Rf3 Bxa2 0-1

[Event "AUTO-ADV-2002"]
[Site "http://www.queenalice.com/game.php?id=914090"]
[Date "2011.3.18"]
[Round "2"]
[White "PedoneA0"]
[Black "kasparosaure"]
[Result "1-0"]
[WhiteElo "1939"]
[BlackElo "1962"]

1. Nf3 f5 2. d4 Nf6 3. c4 d6 4. Nc3 g6 5. Bg5 Bg7 6. Qd2 O-O 7. Bh6 c6 8. Bxg7
Kxg7 9. h4 Nh5 10. O-O-O Qe8 11. e3 Nd7 12. Ng5 Nb6 13. Be2 Bd7 14. Bxh5 gxh5
15. Rhg1 Nxc4 16. Qd3 d5 17. Nf3 Kh8 18. b3 Qg6 19. bxc4 Be6 20. Ne5 Qg7 21. c5
f4 22. e4 Qh6 23. f3 Rad8 24. Qe2 b5 25. Nxc6 Rd7 26. exd5 Bxd5 27. Qe5+ Qf6 28.
Nxd5 1-0

[Event "AUTO-ADV-2002"]
[Site "http://www.queenalice.com/game.php?id=914091"]
[Date "2011.3.18"]
[Round "2"]
[White "kasparosaure"]
[Black "PedoneA0"]
[Result "0-1"]
[WhiteElo "1945"]
[BlackElo "1939"]

1. d4 Nf6 2. Nf3 d6 3. Bg5 g6 4. Nbd2 Bg7 5. e3 O-O 6. h3 Re8 7. c3 h6 8. Bxf6
exf6 9. Bd3 f5 10. O-O Nc6 11. Qc2 a5 12. a4 Bd7 13. Rae1 d5 14. Nh2 Rb8 15. f4
Na7 16. g4 fxg4 17. Nxg4 Bxg4 18. hxg4 Qh4 19. Be2 Rxe3 20. Bf3 Rxe1 21. Rxe1
Qxe1+ 22. Kg2 Re8 0-1

[Event "AUTO-OPEN-2370"]
[Site "http://www.queenalice.com/game.php?id=942083"]
[Date "2011.5.24"]
[Round "1"]
[White "robertson"]
[Black "PedoneA0"]
[Result "0-1"]
[WhiteElo "1608"]
[BlackElo "1973"]

1. e4 d6 2. Bb5+ c6 3. Bd3 Nf6 4. Nc3 e5 5. f3 Be7 6. Bc4 O-O 7. d4 exd4 8. Qxd4
c5 9. Qe3 Nc6 10. a3 Nd4 11. Qd2 Nd7 12. Nge2 Ne5 13. Nxd4 Nxc4 14. Qf2 cxd4 15.
Nd5 Nb6 16. Nxe7+ Qxe7 17. Qxd4 d5 18. Bd2 Re8 19. O-O-O dxe4 20. Rhe1 Bf5 21.
Bc3 f6 22. g4 Bg6 23. h4 Rad8 24. Qf2 Rxd1+ 25. Rxd1 e3 26. Qe2 Na4 27. Bd4 Rc8
28. c3 Qe6 29. h5 Qa2 30. hxg6 Qa1+ 31. Kc2 Qxb2+ 32. Kd3 Qb5+ 0-1

[Event "AUTO-OPEN-2370"]
[Site "http://www.queenalice.com/game.php?id=942084"]
[Date "2011.5.24"]
[Round "1"]
[White "PedoneA0"]
[Black "robertson"]
[Result "1-0"]
[WhiteElo "1971"]
[BlackElo "1591"]

1. Nf3 e6 2. d4 h6 3. c4 Qf6 4. Nc3 Bb4 5. Bd2 Nc6 6. a3 Bxc3 7. Bxc3 Qg6 8. g3
d6 9. Bg2 Nce7 10. O-O c6 11. Nh4 Qh7 12. e4 Bd7 13. d5 c5 14. dxe6 fxe6 15.
Qxd6 b6 16. Rad1 Rd8 17. Nf3 Nc8 18. Qc7 Nf6 19. Ne5 O-O 20. Nxd7 g6 21. Nxf6+
Rxf6 22. Rxd8+ Rf8 23. Rxf8+ 1-0

[Event "AUTO-OPEN-2370"]
[Site "http://www.queenalice.com/game.php?id=942107"]
[Date "2011.5.24"]
[Round "1"]
[White "PedoneA0"]
[Black "maurice91"]
[Result "1-0"]
[WhiteElo "1975"]
[BlackElo "1768"]

1. Nf3 c5 2. g3 d5 3. Bg2 Nc6 4. d4 cxd4 5. Nxd4 e5 6. Nxc6 bxc6 7. O-O Bc5 8.
c4 Be6 9. Nc3 Ne7 10. cxd5 cxd5 11. Na4 Rc8 12. Nxc5 Rxc5 13. Qa4+ Qd7 14. Qxd7+
Bxd7 15. b3 O-O 16. Ba3 Rc2 17. Bxe7 Re8 18. Bd6 e4 19. e3 Be6 20. Rfc1 Rxc1+
21. Rxc1 Rd8 22. Be5 Ra8 23. Rc7 f6 24. Rb7 a5 25. Rb8+ Rxb8 26. Bxb8 Bd7 27. a3
a4 28. bxa4 Bxa4 29. Kf1 f5 30. Ke2 Kf7 31. Kd2 Ke6 32. Kc3 Kd7 33. Kb4 Bc6 34.
a4 Kc8 35. Ba7 Kb7 36. Bd4 g5 37. a5 h5 38. Bf1 Kb8 39. Bb5 Ba8 40. a6 Kc7 41.
a7 Kd6 42. Bf6 g4 43. Bg5 Ke5 44. Kc5 Ke6 45. Bc6 1-0

[Event "AUTO-OPEN-2370"]
[Site "http://www.queenalice.com/game.php?id=942108"]
[Date "2011.5.24"]
[Round "1"]
[White "maurice91"]
[Black "PedoneA0"]
[Result "0-1"]
[WhiteElo "1833"]
[BlackElo "1960"]

1. d4 Nf6 2. c4 g6 3. Nc3 d5 4. cxd5 Nxd5 5. e4 Nxc3 6. bxc3 Bg7 7. Bd3 c5 8.
Be3 O-O 9. Ne2 cxd4 10. cxd4 Nc6 11. Rb1 Nxd4 12. O-O Nxe2+ 13. Qxe2 b6 14. a4
Bb7 15. a5 Bd4 16. Bh6 Bg7 17. Bxg7 Kxg7 18. axb6 axb6 19. Rxb6 Qxb6 0-1

[Event "AUTO-OPEN-2370"]
[Site "http://www.queenalice.com/game.php?id=988141"]
[Date "2011.9.21"]
[Round "2"]
[White "phystutordotcom"]
[Black "PedoneA0"]
[Result "1-0"]
[WhiteElo "2189"]
[BlackElo "1991"]

1. Nf3 d5 2. d3 Nf6 3. Nbd2 Bg4 4. e4 dxe4 5. dxe4 Nc6 6. h3 Bh5 7. g3 Bg6 8.
Qe2 e6 9. Bg2 Nd4 10. Nxd4 Qxd4 11. c3 Qa4 12. b3 Qd7 13. O-O O-O-O 14. e5 Bd3
15. Qf3 Bxf1 16. Qxb7# 1-0

[Event "AUTO-ADV-2448"]
[Site "http://www.queenalice.com/game.php?id=1042124"]
[Date "2012.3.24"]
[Round "1"]
[White "ggg09"]
[Black "PedoneA0"]
[Result "0-1"]
[WhiteElo "1841"]
[BlackElo "2015"]

1. e4 d6 2. d4 Nf6 3. Nc3 g6 4. Nf3 Bg7 5. Be2 O-O 6. O-O c6 7. a4 a5 8. h3 b6
9. Bg5 Ba6 10. Re1 Bxe2 11. Qxe2 Qc7 12. Rad1 Na6 13. d5 Nb4 14. dxc6 Qxc6 15.
Nd4 Qd7 16. Ndb5 Nc6 17. Qe3 Qb7 18. Bh6 Nb4 19. Re2 Nd7 20. Bxg7 Kxg7 21. h4 h5
22. Qg5 Nf6 23. Nxd6 exd6 24. Rxd6 Nh7 25. Qb5 Rab8 26. Nd5 Nxd5 27. exd5 Nf6
28. Rc6 Rfc8 29. c4 Rxc6 30. Qxc6 Qxc6 31. dxc6 Rc8 32. Re7 Rxc6 33. b3 Re6 34.
Rc7 Ne4 35. Rd7 Nc5 36. Rd1 Nxb3 37. Rb1 Nc5 38. g3 Nxa4 39. Rd1 Nb2 40. Rc1 Rc6
0-1

[Event "AUTO-ADV-2448"]
[Site "http://www.queenalice.com/game.php?id=1042125"]
[Date "2012.3.24"]
[Round "1"]
[White "PedoneA0"]
[Black "ggg09"]
[Result "1-0"]
[WhiteElo "1983"]
[BlackElo "1880"]

1. Nf3 e6 2. d4 c5 3. c3 Nf6 4. g3 Nc6 5. Bg2 Qb6 6. O-O cxd4 7. cxd4 d5 8. Nc3
a6 9. Qa4 Bd6 10. Rb1 O-O 11. Bg5 Be7 12. a3 h6 13. Bxf6 Bxf6 14. e3 Bd7 15. Qc2
Rac8 16. Qd2 Rfe8 17. Na4 Qa5 18. Qxa5 Nxa5 19. Nc5 Bb5 20. Rfc1 Be7 21. b4 Bxc5
22. dxc5 Nc4 23. Rc3 e5 24. Bf1 e4 25. Bxc4 Bxc4 26. Nd4 g6 27. a4 b5 28. a5 f6
29. Nb3 Re5 30. Rd1 Kf7 31. Nd2 Ke6 32. f3 f5 33. f4 1-0

[Event "AUTO-ADV-2448"]
[Site "http://www.queenalice.com/game.php?id=1042136"]
[Date "2012.3.24"]
[Round "1"]
[White "hugo2011"]
[Black "PedoneA0"]
[Result "0-1"]
[WhiteElo "1621"]
[BlackElo "2005"]

1. e4 d6 2. d4 Nf6 3. Nc3 g6 4. d5 Bg7 5. Nf3 O-O 6. Bg5 c5 7. Bxf6 Bxf6 8. h4
h5 9. g4 Bxg4 10. Be2 Qa5 11. Qd3 a6 12. a3 b5 13. O-O Bxf3 14. Bxf3 Bxh4 15. b4
Qb6 16. Kh2 c4 17. Qe3 Qxe3 18. fxe3 Nd7 19. Kh3 Bf6 20. Rg1 Kh7 21. Raf1 Bxc3
22. Be2 Ne5 23. Kh4 Ng4 24. Bxg4 hxg4 25. Rxg4 Bf6+ 26. Kg3 Rh8 27. Rh1+ Kg7 28.
Rf1 Be5+ 29. Kg2 Rh2+ 30. Kf3 Rah8 31. c3 R8h3+ 0-1

[Event "AUTO-ADV-2448"]
[Site "http://www.queenalice.com/game.php?id=1042137"]
[Date "2012.3.24"]
[Round "1"]
[White "PedoneA0"]
[Black "hugo2011"]
[Result "1-0"]
[WhiteElo "1995"]
[BlackElo "1729"]

1. Nf3 Nc6 2. d4 d5 3. g3 Bg4 4. Bg2 Nf6 5. O-O h5 6. h4 e6 7. Nbd2 Ne4 8. Nxe4
dxe4 9. Nh2 Nxd4 10. Nxg4 hxg4 11. Bxe4 e5 12. c3 Bc5 13. cxd4 Bxd4 14. Bxb7 Rb8
15. Qa4+ Qd7 16. Bc6 Rd8 17. Bxd7+ Rxd7 18. Rd1 g5 19. e3 gxh4 20. gxh4 Ke7 21.
exd4 Rxh4 22. Bg5+ f6 23. Bxh4 1-0

[Event "AUTO-ADV-2448"]
[Site "http://www.queenalice.com/game.php?id=1042142"]
[Date "2012.3.24"]
[Round "1"]
[White "Meckerkopp"]
[Black "PedoneA0"]
[Result "0-1"]
[WhiteElo "1966"]
[BlackElo "2000"]

1. e4 d6 2. d4 Nf6 3. Nc3 g6 4. Bg5 Bg7 5. h3 O-O 6. Bxf6 exf6 7. Nf3 f5 8. e5
Nc6 9. exd6 Qxd6 10. Nb5 Re8+ 11. Kd2 Qf4+ 12. Kc3 a6 13. g3 Qe4 14. Bd3 Qe7 15.
Re1 Qb4# 0-1

[Event "AUTO-ADV-2448"]
[Site "http://www.queenalice.com/game.php?id=1042143"]
[Date "2012.3.24"]
[Round "1"]
[White "PedoneA0"]
[Black "Meckerkopp"]
[Result "0-1"]
[WhiteElo "2024"]
[BlackElo "1939"]

1. Nf3 c5 2. c4 Nc6 3. g3 d5 4. cxd5 Qxd5 5. Bg2 e5 6. O-O e4 7. Nc3 Qh5 8. Nxe4
Bg4 9. Qc2 Bxf3 10. exf3 O-O-O 11. a3 Nd4 12. Qa4 Nxf3+ 13. Bxf3 Qxf3 14. Nc3 a6
15. b4 cxb4 16. axb4 h5 17. h4 Rh6 18. b5 Qd3 19. Qf4 Bd6 20. Qxf7 Bxg3 21. b6
Be5 22. Ne2 Rxb6 23. Ng3 Bxa1 0-1